| 000 | 00455 a2200181 4500 | ||
|---|---|---|---|
| 999 |
_c534381 _d534381 |
||
| 003 | NUST | ||
| 005 | 20200218114327.0 | ||
| 008 | 200218b ||||| |||| 00| 0 eng d | ||
| 020 | _a9695190316 | ||
| 038 | _aMSOHAIL | ||
| 082 | _a291.37 | ||
| 100 |
_aGuenon,Rene. _928508 |
||
| 245 |
_aFundamental Symbols. _cRene Guenon. |
||
| 260 |
_aLahore. _bSuhail Academy. _c2001. |
||
| 300 | _a344p. | ||
| 500 | _aHardcover. | ||
| 942 |
_aNBS _cBK _k291.37 GUE _2ddc |
||